Seattle-Tacoma Airport (SEA) Destinations - Statistics

General Stats
  • This quiz has been taken 927 times
    838 since last reset
  • The average score is 71 of 117
Answer Stats
Hint Answer % Correct
Alaska Air, American, Spirit Air Dallas/Fort Worth
92%
Alaska Air, Southwest Dallas-Love
92%
Southwest Houston-Hobby
92%
Alaska Air, Spirit Air, United Houston-Intercontinental
92%
Alaska Air, American, American Eagle, Delta, United, United Express Los Angeles
92%
Alaska Air, Delta, JetBlue Anchorage
91%
Alaska Air, American, Delta, JetBlue New York-JFK
90%
Alaska Air, Delta, Delta Connection, United San Francisco
90%
Norwegian Air Shuttle London-Gatwick
89%
British Airways, Virgin Atlantic London-Heathrow
89%
Alaska Air, Delta, Delta Connection Portland (OR)
89%
Alaska Air, Delta, Southwest Atlanta
88%
Southwest Chicago-Midway
88%
Alaska Air, American, Delta, Frontier, Spirit Air, United Chicago-O'Hare
88%
Alaska Air, Delta, Delta Connection, Frontier, Southwest, United, United Express Denver
88%
All Nippon Airways, Delta Tokyo-Narita
88%
Air Canada Express, Alaska Air, Delta Connection Vancouver
88%
American Miami
87%
Air Canada Toronto-Pearson
87%
Delta, Hainan Airlines Beijing
86%
Alaska Air, Delta, JetBlue Boston
86%
Alaska Air, Delta, Hawaiian Honolulu
86%
Air France, Delta Paris-Charles de Gaulle
85%
Alaska Air, Delta, Delta Connection, Southwest San Diego
85%
Alaska Air, United Washington-Dulles
85%
Alaska Air, Delta Orlando
84%
Alaska Air, American, Delta, Delta Connection, Frontier, Southwest Phoenix
84%
Alaska Air, Delta, Frontier Austin
83%
Alaska Air, Delta, Spirit Air Detroit
83%
Alaska Air, Delta, Delta Connection, Southwest, Spirit Air Las Vegas
83%
Alaska Air Washington-National
83%
Alaska Air, Delta, Spirit Air, Sun Country Minneapolis/St. Paul
82%
Air Canada Express, Alaska Air, Delta Connection Calgary
81%
Alaska Air, Delta San Jose del Cabo
80%
Delta, Hainan Airlines Shanghai-Pudong
79%
Aeromexico Mexico City
78%
Alaska Air, American Philadelphia
78%
Alaska Air, Delta Connection, Southwest San Jose (CA)
78%
Alaska Air, Delta Connection Boise
77%
Alaska Air, Delta New Orleans
77%
Asiana Airlines, Delta, Korean Seoul-Incheon
77%
American Charlotte
76%
Alaska Air San Antonio
76%
Frontier Cleveland
74%
Alaska Air, Southwest Kansas City
74%
Alaska Air, Delta, Delta Connection Salt Lake City
74%
Alaska Air Tampa
74%
Condor, Lufthansa Frankfurt
73%
Alaska Air, Delta Juneau
73%
Alaska Air, Delta, Southwest Nashville
73%
Alaska Air, Delta Connection, Southwest Sacramento
73%
Alaska Air, Southwest, Spirit Air Baltimore
71%
Alaska Air, Delta, Delta Connection Spokane
69%
Alaska Air, Delta, Delta Connection Fairbanks
68%
Alaska Air, United Newark
68%
Alaska Air, Southwest St. Louis
68%
Emirates Dubai
66%
Delta Hong Kong
66%
Alaska Air Indianapolis
66%
Alaska Air, Southwest Oakland
66%
Alaska Air Oklahoma City
66%
Alaska Air Reno/Tahoe
66%
Alaska Air Albuquerque
65%
Alaska Air, Delta Connection Milwaukee
64%
Delta Amsterdam
63%
EVA Air Taipei-Taoyuan
63%
Delta Cincinnati
62%
Alaska Air, Delta Cancun
61%
Alaska Air, Delta Raleigh/Durham
60%
Alaska Air Omaha
59%
Alaska Air, Delta Connection Tucson
59%
Alaska Air, Delta Connection Billings
58%
Icelandair Reykjavik
56%
Frontier Colorado Springs
55%
Alaska Air, Delta Connection Eugene
55%
Alaska Air Fresno
55%
Condor Munich
53%
Volaris Guadalajara
50%
Alaska Air Helena
48%
Alaska Air, Delta Connection Victoria
48%
Alaska Air, Delta, Spirit Air Fort Lauderdale
46%
Xiamenair Xiamen
46%
Alaska Air, Delta Connection Bozeman
42%
Alaska Air, Delta Connection Orange County
42%
Alaska Air Charleston (SC)
40%
Alaska Air, Delta Connection Missoula
39%
Alaska Air, Delta Connection Redmond/Bend
39%
Alaska Air, Delta Kailua–Kona
38%
JetBlue Long Beach
38%
Alaska Air Wichita
38%
Alaska Air Burbank
37%
Alaska Air Ontario
36%
Alaska Air Yakima
36%
Alaska Air, Delta, Hawaiian Kahului
32%
Alaska Air Bellingham
31%
Xiamenair Shenzhen
31%
Alaska Air Lihue
30%
Alaska Air, Delta Connection Medford
30%
Alaska Air, Delta, Delta Connection Palm Springs
30%
Alaska Air Santa Barbara
30%
Alaska Air, Delta Connection Ketchikan
29%
Alaska Air, Delta Connection Sitka
28%
Delta Connection Jackson Hole
27%
Alaska Air Great Falls
26%
Alaska Air, Delta Puerto Vallarta
26%
Alaska Air Walla Walla
26%
Alaska Air, Delta Connection Tri Cities (WA)
24%
Alaska Air Kalispell
22%
Alaska Air Kelowna
22%
Alaska Air Pullman
21%
Alaska Air Santa Rosa
21%
Eurowings Cologne/Bonn
20%
Alaska Air Wenatchee
20%
Alaska Air San Luis Obispo
16%
Alaska Air, Delta Connection Sun Valley
14%
Alaska Air Hayden/Steamboat Springs
11%
Alaska Air Lewiston
11%
No matching quizzes found
Score Distribution
Percent of People with Each Score
Percentile by Number Answered
Your Score History
You have not taken this quiz since the last reset